| 000 | 01435nam a2200397 i 4500 | ||
|---|---|---|---|
| 001 | 13534 | ||
| 003 | KOSZ 005 | ||
| 005 | 20190917131935.0 | ||
| 008 | 070916s1968 pl a f f 001 0 pol | ||
| 015 | _aPB 1969/849 | ||
| 040 |
_aWA N _cWA N _dKOSZ 005/RW |
||
| 041 | 1 |
_apol _hrus |
|
| 046 | _k1968 | ||
| 080 | _a621.3 | ||
| 080 | _a517 | ||
| 100 | 1 |
_aKontorovič, Mihail Iosifovič. _eAutor |
|
| 245 | 1 | 0 |
_aRachunek operatorowy i procesy w układach elektrycznych / _c M. I. Kontorowicz ; tłumaczenie Jerzy Osiowski. |
| 246 | 1 |
_iTytuł oryginału: _aOperacionnoe isčislenie i processy v electričeskih celâh |
|
| 260 |
_aWarszawa : _bWydawnictwa Naukowo-Techniczne, _c1968. |
||
| 300 |
_a328 stron : _bilustracje ; _c23 cm. |
||
| 336 |
_aTekst _btxt _2rdacontent |
||
| 337 |
_aBez urządzenia pośredniczącego _bn _2rdamedia |
||
| 338 |
_aWolumin _bnc _2rdacarrier |
||
| 380 | _aKsiążki | ||
| 388 | _a1901-2000 | ||
| 504 | _aBibliografia na stronach 323-325. Indeks. | ||
| 650 | 4 | _aRachunek operatorowy | |
| 658 | _aMatematyka | ||
| 658 | _aInżynieria i technika | ||
| 650 | 4 | _aObwód elektryczny | |
| 650 | 4 | _aElektrotechnika | |
| 700 | 1 |
_aOsiowski, Jerzy _d(1927- ). _eTłumaczenie |
|
| 710 | 2 |
_aWydawnictwa Naukowo-Techniczne _4pbl. |
|
| 856 |
_uhttp://koha.tu.koszalin.pl/cgi-bin/koha/opac-detail.pl?biblionumber=13534 _yKatalog online BPK |
||
| 942 |
_2UKD _cKS |
||
| 999 |
_c13534 _d13534 |
||